| 000 | 00888nam a2200205Ia 4500 | ||
|---|---|---|---|
| 999 |
_c38941 _d38941 |
||
| 001 | 5377 | ||
| 003 | GE_BSU | ||
| 005 | 20190628153326.0 | ||
| 008 | 181216s1971|||| |||||||||||||| ||geo|| | ||
| 041 | _ageo | ||
| 080 | _a681(075.5)+620.1(075.8) ფ-24 | ||
| 100 |
_aფაჩულია,ს. _93057 |
||
| 245 |
_aტექნიკურ გაზომვათა საფუძვლები : დამხმ.სახელმძღვ. / _cს. ფაჩულია ; რედ : ე.კირვალიძე. |
||
| 264 |
_aთბილისი : _bსპი, _c1971. |
||
| 300 |
_a78 გვ .: _bილ ; _c20 სმ; |
||
| 504 | _aბიბლიოგრ.:გვ.76 | ||
| 653 | _aტექნიკურ გაზომვათა საფუძვლები | ||
| 700 |
_aკირვალიძე, ე _eრედაქტორი _93058 |
||
| 942 |
_cBK _2udc |
||